书目信息 |
| 题名: |
数字信号处理系统的分析与设计研究
|
|
| 作者: | 刘洋 , 付建梅 , 张文霞 著 | |
| 分册: | ||
| 出版信息: | 北京 中国原子能出版社 2022.03 |
|
| 页数: | 318页 | |
| 开本: | 24cm | |
| 丛书名: | ||
| 单 册: | ||
| 中图分类: | TN911.72 | |
| 科图分类: | ||
| 主题词: | 数字信号处理--shu zi xin hao chu li--系统分析--研究 , 数字信号处理--shu zi xin hao chu li--系统设计--研究 | |
| 电子资源: | ||
| ISBN: | 978-7-5221-1423-1 | |
| 000 | 01237nam0 2200277 450 | |
| 001 | 011025153803 | |
| 005 | 20221025153803.0 | |
| 010 | @a978-7-5221-1423-1@dCNY98.00 | |
| 099 | @aCAL 012022015534 | |
| 100 | @a20201004d2022 em y0chiy0120 ea | |
| 101 | 0 | @achi |
| 102 | @aCN@b110000 | |
| 105 | @aa a 000yy | |
| 106 | @ar | |
| 200 | 1 | @a数字信号处理系统的分析与设计研究@Ashu zi xin hao chu li xi tong de fen xi yu she ji yan jiu@f刘洋, 付建梅, 张文霞著 |
| 210 | @a北京@c中国原子能出版社@d2022.03 | |
| 215 | @a318页@c图@d24cm | |
| 320 | @a有书目 (第317-318页) | |
| 330 | @a本书全面系统地阐述了数字信号处理与滤波器的基本理论、基本分析方法及数字信号处理的应用,主要内容包括绪论、数字信号与线性系统、离散时间信号与系统的变换域分析、离散傅里叶变换及其快速算法、IIR数字滤波器的设计方法、FIR数字滤波器的设计方法、随机信号谱估计方法、数字信号处理中的有限字长效应、多抽样率信号处理与滤波器组、数字信号处理的应用等。 | |
| 606 | 0 | @a数字信号处理@Ashu zi xin hao chu li@x系统分析@x研究 |
| 606 | 0 | @a数字信号处理@Ashu zi xin hao chu li@x系统设计@x研究 |
| 690 | @aTN911.72@v5 | |
| 701 | 0 | @a刘洋@Aliu yang@4著 |
| 701 | 0 | @a付建梅@Afu jian mei@4著 |
| 701 | 0 | @a张文霞@Azhang wen xia@4著 |
| 905 | @a河南城建学院图书馆@dTN911.72@eL702 | |
| 数字信号处理系统的分析与设计研究/刘洋, 付建梅, 张文霞著.-北京:中国原子能出版社,2022.03 |
| 318页:图;24cm |
| ISBN 978-7-5221-1423-1:CNY98.00 |
| 本书全面系统地阐述了数字信号处理与滤波器的基本理论、基本分析方法及数字信号处理的应用,主要内容包括绪论、数字信号与线性系统、离散时间信号与系统的变换域分析、离散傅里叶变换及其快速算法、IIR数字滤波器的设计方法、FIR数字滤波器的设计方法、随机信号谱估计方法、数字信号处理中的有限字长效应、多抽样率信号处理与滤波器组、数字信号处理的应用等。 |
| ● |
| 相关链接 |
|
|
|
正题名:数字信号处理系统的分析与设计研究
索取号:TN911.72/L702
 
预约/预借
| 序号 | 登录号 | 条形码 | 馆藏地/架位号 | 状态 | 备注 |
| 1 | 1589447 | 215894478 | 自科库301/301自科库 35排4列1层/ [索取号:TN911.72/L702] | 在馆 | |
| 2 | 1589448 | 215894487 | 自科库301/301自科库 35排4列1层/ [索取号:TN911.72/L702] | 在馆 |